Statistiques concernant Culture Générale - Série 1231

Cliquez ici pour prendre le quiz!

Statistiques générales

  • Ce quiz a été pris 37 fois
  • Le résultat moyen est 4 sur 10

Statistiques - réponses

Question Réponse % Correct
Les Rois mages se prénommaient Gaspar, Balthazar et :Melchior
78%
Quel pays est surnommé la « fille aînée de l’Église » ?France
68%
Lors de la conquête spatiale, quel est le premier homme à avoir fait le tour de la Terre ?Youri Gagarine
65%
Quel titre honorifique est signifié par l'abréviation S.A.S. ?Son Altesse Sérénissime
59%
Quel acteur, prénommé Philippe, reçut, en 1976, le tout premier César du meilleur acteur ?Philippe Noiret
57%
Quelle Eglise a fondé Ron Hubbard ?scientologie
32%
Siddharta Gautama n’est autre que :Bouddha
30%
L’assemblée des cardinaux chargée d’élire un pape s’appelle :conclave
30%
Depuis 1998, dans quel pays peut-on à nouveau fêter Noël après trente-huit ans d’interdiction, suite à la visite du pape Jean Paul II ?Cuba
19%
Quel chanteur brésilien a été ministre de la Culture au Brésil de 2003 à 2008 ?Gilberto Gil
8%

Distribution des résultats

Percentile par nombre de réponses

% des personnes avec chaque résultat

Votre développement - résultats

Vous n’avez pas pris ce quiz